[Event "Penang op 11th"]
[Site "Penang"]
[Date "2019.12.12"]
[Round "6"]
[White "Aravind, PVS"]
[Black "Kunnavakkam, Sudarshanagopal Vin"]
[Result "1-0"]
[WhiteElo "1688"]
[BlackElo "1896"]
[PlyCount "76"]
[EventDate "2019.12.09"]
[EventType "swiss"]
[EventRounds "9"]
[EventCountry "MAS"]
[SourceTitle "CBM 193 Extra"]
[Source "ChessBase"]
[SourceDate "2020.01.31"]
[SourceVersion "1"]
[SourceVersionDate "2020.01.31"]
[SourceQuality "1"]

1. c4 e5 2. g3 Nf6 3. Bg2 Nc6 4. e3 d6 5. Nc3 g6 6. Nge2 Bg7 7. 0-0 0-0 8. d4 exd4 9. exd4 Re8 10. h3 h5 11. Bg5 Qd7 12. Qd2 Nh7 13. Bh6 Bxh6 14. Qxh6 Qf5 15. Qd2 Ng5 16. Nf4 Qf6 17. Ncd5 Qd8 18. Rfe1 Be6 19. h4 Nh7 20. b4 a6 21. Rac1 Na7 22. Nxe6 fxe6 23. Nf4 Qf6 24. Rxe6 Rxe6 25. Nxe6 c6 26. Nf4 g5 27. hxg5 Nxg5 28. Qe3 Qh6 29. Re1 Rf8 30. Nh3 Nxh3+ 31. Bxh3 Qf6 32. Kg2 Kh8 33. d5 cxd5 34. Qxa7 d4 35. f4 d3 36. Qe3 Qb2+ 37. Qf2 Qc3 38. Qe3 d5 1-0

[Event "Vlissingen HZ op 23rd"]
[Site "Vlissingen"]
[Date "2019.08.03"]
[Round "1"]
[White "Kunnavakkam, Sudarshanagopal Vin"]
[Black "Elgersma, Onno"]
[Result "0-1"]
[WhiteElo "1744"]
[BlackElo "2258"]
[PlyCount "116"]
[EventDate "2019.08.03"]
[EventType "swiss"]
[EventRounds "9"]
[EventCountry "NED"]
[SourceTitle "CBM 191 Extra"]
[Source "ChessBase"]
[SourceDate "2019.09.30"]
[SourceVersion "1"]
[SourceVersionDate "2019.09.30"]
[SourceQuality "1"]

1. e4 c6 2. d4 d5 3. e5 Bf5 4. h4 h5 5. c4 e6 6. Nc3 Ne7 7. Bg5 Qb6 8. Qd2 Nd7 9. Nge2 dxc4 10. Ng3 Bd3 11. Bxd3 cxd3 12. Qxd3 Rd8 13. Qc4 Rc8 14. 0-0 Ng6 15. Rfe1 Qb4 16. Qd3 Nb6 17. f4 c5 18. f5 Qxd4+ 19. Qxd4 cxd4 20. Nb5 Rc5 21. Nxd4 exf5 22. e6 f6 23. Bd2 Rd5 24. Ngxf5 Bc5 25. Be3 0-0 26. Nb3 Bxe3+ 27. Nxe3 Re5 28. Nc2 Re8 29. Rxe5 Nxe5 30. Nc5 Nd5 31. Rd1 Nf4 32. Nxb7 Nxe6 33. Nd4 Nxd4 34. Rxd4 Kh7 35. Nd6 Rb8 36. Rd2 Ng4 37. Ne4 Re8 38. Re2 Kg6 39. Kf1 Rc8 40. Nc3 Ne5 41. Kf2 Kf5 42. Nb5 Rc1 43. Nd4+ Kg6 44. Ne6 Ng4+ 45. Kg3 Rd1 46. Nc5 Kf5 47. Kf3 Rf1+ 48. Kg3 g5 49. Nd3 Rh1 50. hxg5 fxg5 51. Nf2 h4+ 52. Kf3 Rf1 53. b3 Nxf2 54. Rxf2 g4+ 55. Ke3+ Rxf2 56. Kxf2 Ke4 57. Ke2 Kd4 58. b4 Ke5 0-1